000 00684nam a2200217Ia 4500
005 20250508165111.0
008 008 250505s9999 xx 000 0 hin d
037 _aReference
040 _aFEDL
_beng
_cFEDL
041 _ahin
_2eng
084 _a370.7, IND/RR
_qFEDL
245 0 _aRashtriya shikshak aayog-2 ki report 1983-85
245 0 _cINDIA. NATIONAL COMMISSION ON TEACHERS
260 _aDelhi, India
_bPublication Division
_c1986
300 _aix,77p.
365 _aINR
_b53.5
546 _aChairman: Rais Ahmed
650 _aHigher education commission; Rais Ahmed Committee report
_9779884
942 _cREF
_h370.7, IND/RR
999 _c1393164
_d1393164